000 00558nam a2200229Ia 4500
003 0100
008 130303s9999 xx 000 0 und d
020 _a0253206936
040 _cARRUPELIB
050 _aBD175.F85 1988
100 _aFuller, Steve
245 _aSocial epistemology
260 _aBloomington
260 _bIndiana University Press
260 _C1988
300 _a316p.
300 _b 24 cm.
440 _aScience, technology, and society
650 _aEPISTEMOLOGY
650 _bWittgenstein, Ludwig, 1889-1951
942 0 0 _01
999 _c21984
_d21984